| 000 | 01411cam a22003251i 4500 | ||
|---|---|---|---|
| 003 | SA-RiAUC | ||
| 005 | 20241113135551.0 | ||
| 008 | 241112s1992 ua g b 000 0 ara c | ||
| 020 | _a9775254361 | ||
| 040 |
_aAE-AiULD _bara _cSA-RiAUC _erda |
||
| 050 | 4 | _bM39 1992 | |
| 082 | 0 | 4 |
_a252.7 _qSA-RiAUC |
| 090 |
_a252.7 _bم ا و |
||
| 100 | 1 |
_aالماوردي، علي بن محمد بن حبيب، _d364-450 هجري _eمؤلف. |
|
| 245 | 1 | 0 |
_aكتاب الصيد والذبائح من الحاوي الكبير / _cتأليف أبي الحسن علي بن محمد بن حبيب الماوردي ؛ تحقيق إبراهيم بن علي صندقجي. |
| 246 | 3 | 0 | _aالصيد والذبائح من الحاوي الكبير |
| 250 | _aالطبعة الأولى. | ||
| 264 | 1 |
_aالقاهرة : _bدار المنار، _c1992 |
|
| 300 |
_a370 صفحة ؛ _c24 سم |
||
| 336 |
_aنص _btxt _2rdacontent _3كتاب |
||
| 337 |
_aبدون وسيط _bn _2rdamedia |
||
| 338 |
_aمجلد _bnc _2rdacarrier |
||
| 504 | _aببليوجرافية : صفحة 303-360. | ||
| 650 | 7 |
_aالذبائح (فقه إسلامي) _2aucsh |
|
| 650 | 7 |
_aالصيد (فقه إسلامي) _2aucsh |
|
| 700 | 1 |
_aصندقجي، إبراهيم علي إبراهيم، _d1372 هجري- _eمحقق. |
|
| 740 | 2 | _aالحاوي الكبير. | |
| 942 |
_2ddc _cBOOK _n0 |
||
| 949 |
_aSA-JeALM _d241112 _umohamedma123 _n1 |
||
| 999 |
_c2344 _d2344 |
||